000 00665ntaaa2200205 4500
003 01
005 20251027202155.0
008 0714s1973 ag 01
040 _aAR-BaBN
_bspa
_cAR-BaBN
_eaacr
_dRIC
082 _a266.9980 T67
100 _aTracy, Olive G
_920316
245 _aLas naciones y las islas
250 _a1 ed.
260 _aKansas City :
_bCasa Nazarena de Publicaciones,
_cn.f.
300 _a224 p
500 _aUn estudio de la obra misionera de la iglesia del Nazareno en Israel, Jordanmia, Siria, LĂ­bano, Italia y las Islas del Cabo Verde
650 _aNazareno-iglesia de-misiones
_920317
650 _amisiones Nazarenas
_920318
942 _cBK
999 _c16721
_d16721